[Event "Czech Open GM 2020"]
[Site "Pardubice"]
[Date "2020.09.26"]
[Round "7.18"]
[White "Ochedzan, Tymon"]
[Black "Pantzar, Milton"]
[Result "0-1"]
[WhiteElo "2214"]
[BlackElo "2424"]
[Annotator "ChessBase"]
[PlyCount "104"]
[EventDate "2020.09.21"]
[EventCountry "CZE"]
[SourceTitle "playchess.com"]
[Source "ChessBase"]
[SourceQuality "1"]
[TimeControl "40/5400+30:1800+30"]

1. e4 {[%emt 0:13:14]} c6 {[%emt 0:00:08]} 2. d4 {[%emt 0:00:28]} d5 {[%emt 0:00:07]} 3. Nc3 {[%emt 0:00:55]} dxe4 {[%emt 0:00:07]} 4. Nxe4 {[%emt 0:00:09]} Nf6 {[%emt 0:00:07]} 5. Nxf6+ {[%emt 0:01:06]} exf6 {[%emt 0:00:48]} 6. c3 {[%emt 0:00:37]} Bd6 {[%emt 0:00:10]} 7. Bd3 {[%emt 0:01:09]} O-O {[%emt 0:00:20]} 8. Qc2 {[%emt 0:00:34]} Re8+ {[%emt 0:00:16]} 9. Ne2 {[%emt 0:02:15]} h5 {[%emt 0:00:30]} 10. O-O {[%emt 0:01:16]} h4 {[%emt 0:01:05]} 11. Nf4 {[%emt 0:01:38]} Nd7 {[%emt 0:09:06]} 12. Qd1 {[%emt 0:02:05]} g6 {[%emt 0:20:17]} 13. Bxg6 {[%emt 0:17:42]} Bxf4 {[%emt 0:13:09]} 14. Qb3 {[%emt 0:20:09]} Ne5 {[%emt 0:07:30]} 15. dxe5 {[%emt 0:00:36]} Be6 {[%emt 0:00:24]} 16. Qc2 {[%emt 0:04:31]} Bxc1 {[%emt 0:01:27]} 17. Bh7+ {[%emt 0:00:33]} Kh8 {[%emt 0:02:07]} 18. Raxc1 {[%emt 0:01:24]} fxe5 {[%emt 0:03:27]} 19. f4 {[%emt 0:03:39]} h3 {[%emt 0:10:43]} 20. fxe5 {[%emt 0:08:18]} hxg2 {[%emt 0:03:21]} 21. Rf2 {[%emt 0:06:50]} Qg5 {[%emt 0:02:51]} 22. Re1 {[%emt 0:01:13]} Rad8 {[%emt 0:01:56]} 23. Bd3 {[%emt 0:05:12]} Rg8 {[%emt 0:01:30]} 24. Qe2 {[%emt 0:01:49]} Rg7 {[%emt 0:02:59]} 25. Bc4 {[%emt 0:04:07]} Rdg8 {[%emt 0:10:19]} 26. Bxe6 {[%emt 0:01:09]} fxe6 {[%emt 0:00:02]} 27. Rf6 {[%emt 0:03:28]} Qh4 {[%emt 0:01:53]} 28. Qe4 {[%emt 0:02:30]} Rg4 {[%emt 0:02:14]} 29. Qe3 {[%emt 0:00:26]} R4g5 {[%emt 0:00:24]} 30. Rf4 {[%emt 0:01:24]} Qh6 {[%emt 0:02:34]} 31. Rf3 {[%emt 0:01:13]} Qh7 {[%emt 0:01:56]} 32. Rh3 {[%emt 0:00:57]} Rh5 {[%emt 0:00:01]} 33. Rxh5 {[%emt 0:00:05]} Qxh5 {[%emt 0:00:04]} 34. Qf4 {[%emt 0:01:20]} Kh7 {[%emt 0:00:47]} 35. Qf6 {[%emt 0:01:45]} Qg4 {[%emt 0:00:47]} 36. a4 {[%emt 0:01:41]} Rg6 {[%emt 0:00:54]} 37. Qf7+ {[%emt 0:00:30]} Rg7 {[%emt 0:00:08]} 38. Qf6 {[%emt 0:00:59]} a5 {[%emt 0:01:09]} 39. b3 {[%emt 0:00:54]} b5 {[%emt 0:00:26]} 40. Qf2 {[%emt 0:01:57]} bxa4 {[%emt 0:00:51]} 41. Qc2+ {[%emt 0:05:26]} Qg6 {[%emt 0:04:12]} 42. Qxg6+ {[%emt 0:09:16]} Kxg6 {[%emt 0:00:25]} 43. bxa4 {[%emt 0:01:22]} Kf5 {[%emt 0:00:09]} 44. h4 {[%emt 0:08:33]} Rh7 {[%emt 0:03:55]} 45. Kxg2 {[%emt 0:02:41]} Rxh4 {[%emt 0:00:12]} 46. Re3 {[%emt 0:01:50]} Rxa4 {[%emt 0:01:05]} 47. Kf3 {[%emt 0:00:06]} Rf4+ {[%emt 0:00:30]} 48. Kg3 {[%emt 0:00:09]} Re4 {[%emt 0:00:15]} 49. Rd3 {[%emt 0:00:22]} Kxe5 {[%emt 0:00:20]} 50. Kf3 {[%emt 0:00:15]} a4 {[%emt 0:01:42]} 51. Rd8 {[%emt 0:00:11]} Rc4 {[%emt 0:00:07]} 52. Ra8 {[%emt 0:01:30]} Rxc3+ {[%emt 0:00:15]} 0-1

[Event "Czech Open GM 2020"]
[Site "Pardubice"]
[Date "2020.09.26"]
[Round "7.19"]
[White "Hlavina, Matous"]
[Black "Storme, Isak"]
[Result "0-1"]
[WhiteElo "1973"]
[BlackElo "2353"]
[Annotator "ChessBase"]
[PlyCount "54"]
[EventDate "2020.09.21"]
[EventCountry "CZE"]
[SourceTitle "playchess.com"]
[Source "ChessBase"]
[SourceQuality "1"]
[TimeControl "40/5400+30:1800+30"]

1. e4 {[%emt 0:06:05]} e5 {[%emt 0:00:05]} 2. Nf3 {[%emt 0:00:05]} Nc6 {[%emt 0:00:04]} 3. d4 {[%emt 0:00:04]} exd4 {[%emt 0:00:05]} 4. Nxd4 {[%emt 0:00:04]} Nf6 {[%emt 0:00:05]} 5. Nxc6 {[%emt 0:00:07]} bxc6 {[%emt 0:00:04]} 6. e5 {[%emt 0:00:09]} Nd5 {[%emt 0:00:03]} 7. c4 {[%emt 0:01:01]} Bb4+ {[%emt 0:00:25]} 8. Bd2 {[%emt 0:00:43]} Bxd2+ {[%emt 0:00:07]} 9. Nxd2 {[%emt 0:00:31]} Nb6 {[%emt 0:00:09]} 10. Bd3 {[%emt 0:01:28]} d6 {[%emt 0:00:23]} 11. exd6 {[%emt 0:00:40]} Qxd6 {[%emt 0:00:38]} 12. Nf3 {[%emt 0:05:47]} Qb4+ {[%emt 0:00:31]} 13. Qd2 {[%emt 0:00:28]} Qxd2+ {[%emt 0:00:06]} 14. Nxd2 {[%emt 0:01:25]} O-O {[%emt 0:00:11]} 15. O-O-O {[%emt 0:00:23]} Be6 {[%emt 0:00:06]} 16. b3 {[%emt 0:00:40]} a5 {[%emt 0:00:33]} 17. Kc2 {[%emt 0:03:10]} a4 {[%emt 0:00:36]} 18. b4 {[%emt 0:01:07]} a3 {[%emt 0:04:19]} 19. f4 {[%emt 0:03:53]} g6 {[%emt 0:05:31]} 20. Rhe1 {[%emt 0:04:30]} Rfd8 {[%emt 0:00:27]} 21. g3 {[%emt 0:03:04]} Na4 {[%emt 0:02:18]} 22. Be4 {[%emt 0:03:17]} Nb2 {[%emt 0:00:19]} 23. Rc1 {[%emt 0:01:19]} Rab8 {[%emt 0:05:50]} 24. Bxc6 {[%emt 0:12:04]} Rxb4 {[%emt 0:02:03]} 25. Bd5 {[%emt 0:04:25]} Bf5+ {[%emt 0:02:39]} 26. Kc3 {[%emt 0:05:24]} c5 {[%emt 0:01:47]} 27. Nb3 {[%emt 0:01:42]} Rxc4+ {[%emt 0:04:47]} 0-1

[Event "Czech Open GM 2020"]
[Site "Pardubice"]
[Date "2020.09.26"]
[Round "7.20"]
[White "Bulockin, Martin"]
[Black "Pogan, Nikolas"]
[Result "1-0"]
[WhiteElo "2297"]
[BlackElo "2212"]
[Annotator "ChessBase"]
[PlyCount "79"]
[EventDate "2020.09.21"]
[EventCountry "CZE"]
[SourceTitle "playchess.com"]
[Source "ChessBase"]
[SourceQuality "1"]
[TimeControl "40/5400+30:1800+30"]

1. e4 {[%emt 0:00:00]} c6 {[%emt 0:02:32]} 2. Nc3 {[%emt 0:00:00]} d5 {[%emt 0:00:07]} 3. Nf3 {[%emt 0:00:00]} Bg4 {[%emt 0:00:38]} 4. h3 {[%emt 0:00:00]} Bxf3 {[%emt 0:00:12]} 5. Qxf3 {[%emt 0:00:00]} e6 {[%emt 0:00:14]} 6. d4 {[%emt 0:00:04]} Nf6 {[%emt 0:00:14]} 7. Bd3 {[%emt 0:00:10]} Bb4 {[%emt 0:08:56]} 8. e5 {[%emt 0:06:57]} Nfd7 {[%emt 0:01:31]} 9. Bd2 {[%emt 0:01:57]} a6 {[%emt 0:16:08]} 10. Qg4 {[%emt 0:13:44]} g6 {[%emt 0:01:14]} 11. O-O {[%emt 0:04:11]} Be7 {[%emt 0:11:42]} 12. Rae1 {[%emt 0:05:31]} h5 {[%emt 0:12:25]} 13. Qg3 {[%emt 0:03:31]} Nf8 {[%emt 0:00:07]} 14. Ne2 {[%emt 0:07:15]} c5 {[%emt 0:01:27]} 15. dxc5 {[%emt 0:03:20]} Bxc5 {[%emt 0:00:05]} 16. Bg5 {[%emt 0:01:21]} Be7 {[%emt 0:00:21]} 17. Bxe7 {[%emt 0:04:40]} Qxe7 {[%emt 0:00:07]} 18. c4 {[%emt 0:00:56]} dxc4 {[%emt 0:02:51]} 19. Be4 {[%emt 0:03:37]} Nh7 {[%emt 0:05:53]} 20. Nf4 {[%emt 0:04:02]} Ng5 {[%emt 0:08:34]} 21. Bxg6 {[%emt 0:05:28]} h4 {[%emt 0:00:53]} 22. Qg4 {[%emt 0:01:12]} Rg8 {[%emt 0:08:22]} 23. Bh7 {[%emt 0:02:22]} Rh8 {[%emt 0:01:05]} 24. Be4 {[%emt 0:01:28]} Nxe4 {[%emt 0:01:06]} 25. Rxe4 {[%emt 0:00:30]} Nc6 {[%emt 0:01:14]} 26. Rxc4 {[%emt 0:00:55]} O-O-O {[%emt 0:00:37]} 27. Qe2 {[%emt 0:02:02]} Kb8 {[%emt 0:01:18]} 28. Rfc1 {[%emt 0:01:36]} Qd7 {[%emt 0:07:13]} 29. Qe3 {[%emt 0:02:52]} Qc7 {[%emt 0:01:04]} 30. Nd3 {[%emt 0:02:10]} Qa5 {[%emt 0:00:34]} 31. Nc5 {[%emt 0:02:23]} Rd5 {[%emt 0:01:19]} 32. Nxb7 {[%emt 0:00:52]} Kxb7 {[%emt 0:01:18]} 33. Rxc6 {[%emt 0:00:02]} Rhd8 {[%emt 0:00:17]} 34. R6c3 {[%emt 0:04:21]} Rd1+ {[%emt 0:01:04]} 35. Rxd1 {[%emt 0:00:35]} Rxd1+ {[%emt 0:00:05]} 36. Kh2 {[%emt 0:00:01]} Qd5 {[%emt 0:01:29]} 37. Rb3+ {[%emt 0:00:47]} Kc8 {[%emt 0:00:03]} 38. Qc3+ {[%emt 0:00:36]} Kd7 {[%emt 0:00:18]} 39. Rb8 {[%emt 0:00:43]} Ke7 {[%emt 0:01:27]} 40. Qc7+ {[%emt 0:00:10]} 1-0

[Event "Czech Open GM 2020"]
[Site "Pardubice"]
[Date "2020.09.27"]
[Round "8.1"]
[White "Van Foreest, Lucas"]
[Black "Jarmula, Lukasz"]
[Result "1/2-1/2"]
[WhiteElo "2531"]
[BlackElo "2444"]
[Annotator "ChessBase"]
[PlyCount "75"]
[EventDate "2020.09.21"]
[EventCountry "CZE"]
[SourceTitle "playchess.com"]
[Source "ChessBase"]
[SourceQuality "1"]
[TimeControl "40/5400+30:1800+30"]

1. e4 {[%emt 0:00:11]} e5 {[%emt 0:00:00]} 2. Nc3 {[%emt 0:00:00]} Nc6 {[%emt 0:00:03]} 3. Bc4 {[%emt 0:00:13]} Nf6 {[%emt 0:00:56]} 4. d3 {[%emt 0:00:17]} Bb4 {[%emt 0:02:09]} 5. Nf3 {[%emt 0:01:20]} d5 {[%emt 0:07:14]} 6. exd5 {[%emt 0:01:05]} Nxd5 {[%emt 0:00:06]} 7. O-O {[%emt 0:00:36]} Nxc3 {[%emt 0:08:33]} 8. bxc3 {[%emt 0:00:07]} Be7 {[%emt 0:00:05]} 9. Qe2 {[%emt 0:11:30]} O-O {[%emt 0:27:50]} 10. Nxe5 {[%emt 0:00:23]} Nxe5 {[%emt 0:00:05]} 11. Qxe5 {[%emt 0:00:04]} Bf6 {[%emt 0:00:07]} 12. Qe1 {[%emt 0:02:18]} b6 {[%emt 0:02:10]} 13. Qe4 {[%emt 0:18:12]} Rb8 {[%emt 0:00:50]} 14. d4 {[%emt 0:01:59]} Re8 {[%emt 0:05:17]} 15. Qd5 {[%emt 0:15:14]} Qxd5 {[%emt 0:16:08]} 16. Bxd5 {[%emt 0:00:05]} Ba6 {[%emt 0:07:43]} 17. Rd1 {[%emt 0:00:23]} Rbd8 {[%emt 0:00:35]} 18. Bc6 {[%emt 0:05:56]} Re6 {[%emt 0:01:24]} 19. Bf3 {[%emt 0:00:55]} Be2 {[%emt 0:04:03]} 20. Bxe2 {[%emt 0:00:31]} Rxe2 {[%emt 0:00:06]} 21. Bd2 {[%emt 0:00:11]} c5 {[%emt 0:01:47]} 22. Kf1 {[%emt 0:01:10]} Re6 {[%emt 0:01:03]} 23. dxc5 {[%emt 0:05:32]} bxc5 {[%emt 0:00:23]} 24. Be3 {[%emt 0:01:11]} Rc8 {[%emt 0:01:26]} 25. Rab1 {[%emt 0:00:14]} Ra6 {[%emt 0:03:37]} 26. Rd7 {[%emt 0:01:24]} h5 {[%emt 0:01:51]} 27. Rbb7 {[%emt 0:04:42]} Rxa2 {[%emt 0:00:35]} 28. Rxa7 {[%emt 0:00:13]} Rxc2 {[%emt 0:01:05]} 29. Rxf7 {[%emt 0:00:31]} Rxc3 {[%emt 0:01:09]} 30. h3 {[%emt 0:02:01]} c4 {[%emt 0:03:01]} 31. g4 {[%emt 0:00:06]} hxg4 {[%emt 0:00:17]} 32. hxg4 {[%emt 0:00:00]} Rd3 {[%emt 0:02:02]} 33. g5 {[%emt 0:00:19]} Be5 {[%emt 0:00:45]} 34. Bf4 {[%emt 0:04:52]} Bb2 {[%emt 0:01:00]} 35. g6 {[%emt 0:02:13]} Rdd8 {[%emt 0:00:23]} 36. Rab7 {[%emt 0:03:04]} Bd4 {[%emt 0:00:32]} 37. Be3 {[%emt 0:02:25]} Be5 {[%emt 0:00:12]} 38. Bf4 {[%emt 0:00:45]} 1/2-1/2

[Event "Czech Open GM 2020"]
[Site "Pardubice"]
[Date "2020.09.27"]
[Round "8.2"]
[White "Golubka, Petro"]
[Black "Noe, Christopher"]
[Result "1/2-1/2"]
[WhiteElo "2488"]
[BlackElo "2519"]
[Annotator "ChessBase"]
[PlyCount "71"]
[EventDate "2020.09.21"]
[EventCountry "CZE"]
[SourceTitle "playchess.com"]
[Source "ChessBase"]
[SourceQuality "1"]
[TimeControl "40/5400+30:1800+30"]

1. Nf3 {[%emt 0:00:00]} Nf6 {[%emt 0:00:00]} 2. c4 {[%emt 0:00:00]} e6 {[%emt 0:00:00]} 3. d4 {[%emt 0:00:02]} b6 {[%emt 0:00:11]} 4. g3 {[%emt 0:00:48]} Bb7 {[%emt 0:00:06]} 5. Bg2 {[%emt 0:00:05]} Be7 {[%emt 0:00:41]} 6. O-O {[%emt 0:00:07]} O-O {[%emt 0:00:05]} 7. Nc3 {[%emt 0:01:51]} Ne4 {[%emt 0:00:45]} 8. Bd2 {[%emt 0:00:09]} Nxd2 {[%emt 0:04:39]} 9. Qxd2 {[%emt 0:00:13]} d6 {[%emt 0:00:29]} 10. d5 {[%emt 0:03:48]} e5 {[%emt 0:02:52]} 11. e4 {[%emt 0:00:14]} Nd7 {[%emt 0:00:33]} 12. b4 {[%emt 0:06:50]} Nf6 {[%emt 0:08:51]} 13. a3 {[%emt 0:03:02]} c6 {[%emt 0:10:12]} 14. dxc6 {[%emt 0:02:33]} Bxc6 {[%emt 0:00:02]} 15. Qd3 {[%emt 0:00:14]} Bd7 {[%emt 0:02:46]} 16. Rfd1 {[%emt 0:04:36]} Qb8 {[%emt 0:09:07]} 17. Nh4 {[%emt 0:04:44]} g6 {[%emt 0:05:01]} 18. Bf3 {[%emt 0:04:30]} Be6 {[%emt 0:03:22]} 19. Ng2 {[%emt 0:00:16]} Qb7 {[%emt 0:01:02]} 20. Ne3 {[%emt 0:01:12]} Rac8 {[%emt 0:01:04]} 21. Rac1 {[%emt 0:03:42]} Qa6 {[%emt 0:09:23]} 22. Nb5 {[%emt 0:01:54]} Rfd8 {[%emt 0:02:30]} 23. Be2 {[%emt 0:02:17]} Qb7 {[%emt 0:09:52]} 24. Nc3 {[%emt 0:00:56]} Rc7 {[%emt 0:01:29]} 25. h4 {[%emt 0:02:21]} Rdc8 {[%emt 0:02:25]} 26. Qb1 {[%emt 0:04:16]} a6 {[%emt 0:01:35]} 27. Ncd5 {[%emt 0:08:37]} Nxd5 {[%emt 0:00:36]} 28. Nxd5 {[%emt 0:00:48]} Rc6 {[%emt 0:04:56]} 29. c5 {[%emt 0:06:03]} b5 {[%emt 0:02:39]} 30. cxd6 {[%emt 0:09:43]} Bxd6 {[%emt 0:00:15]} 31. Rxc6 {[%emt 0:01:14]} Qxc6 {[%emt 0:00:32]} 32. Qd3 {[%emt 0:00:09]} Bxd5 {[%emt 0:04:01]} 33. Qxd5 {[%emt 0:00:18]} Qxd5 {[%emt 0:00:07]} 34. Rxd5 {[%emt 0:00:04]} Rc6 {[%emt 0:00:52]} 35. h5 {[%emt 0:00:53]} Kf8 {[%emt 0:02:46]} 36. Rd3 {[%emt 0:05:09]} 1/2-1/2

[Event "Czech Open GM 2020"]
[Site "Pardubice"]
[Date "2020.09.27"]
[Round "8.3"]
[White "Vogel, Roven"]
[Black "Kevlishvili, Robby"]
[Result "0-1"]
[WhiteElo "2456"]
[BlackElo "2478"]
[Annotator "ChessBase"]
[PlyCount "68"]
[EventDate "2020.09.21"]
[EventCountry "CZE"]
[SourceTitle "playchess.com"]
[Source "ChessBase"]
[SourceQuality "1"]
[TimeControl "40/5400+30:1800+30"]

1. Nf3 {[%emt 0:00:00]} d5 {[%emt 0:00:00]} 2. e3 {[%emt 0:00:00]} Nf6 {[%emt 0:00:06]} 3. c4 {[%emt 0:00:33]} e6 {[%emt 0:00:21]} 4. d4 {[%emt 0:00:40]} b6 {[%emt 0:01:01]} 5. Nc3 {[%emt 0:01:28]} Bb7 {[%emt 0:00:09]} 6. cxd5 {[%emt 0:00:56]} exd5 {[%emt 0:01:30]} 7. Bb5+ {[%emt 0:00:43]} c6 {[%emt 0:01:33]} 8. Bd3 {[%emt 0:02:39]} Be7 {[%emt 0:04:24]} 9. Ne5 {[%emt 0:11:19]} O-O {[%emt 0:01:38]} 10. O-O {[%emt 0:00:39]} c5 {[%emt 0:00:31]} 11. Qf3 {[%emt 0:07:25]} Nc6 {[%emt 0:05:58]} 12. Qh3 {[%emt 0:01:15]} Nxe5 {[%emt 0:29:14]} 13. dxe5 {[%emt 0:00:08]} Ne4 {[%emt 0:00:02]} 14. Rd1 {[%emt 0:15:18]} Qc8 {[%emt 0:03:36]} 15. Qxc8 {[%emt 0:06:47]} Rfxc8 {[%emt 0:00:11]} 16. Nxe4 {[%emt 0:00:12]} dxe4 {[%emt 0:00:14]} 17. Bc4 {[%emt 0:00:39]} Rd8 {[%emt 0:00:44]} 18. Bd2 {[%emt 0:02:32]} Bc6 {[%emt 0:06:14]} 19. Ba6 {[%emt 0:03:02]} Kf8 {[%emt 0:01:38]} 20. Bc3 {[%emt 0:02:38]} Rxd1+ {[%emt 0:00:58]} 21. Rxd1 {[%emt 0:00:14]} Rd8 {[%emt 0:00:24]} 22. Rxd8+ {[%emt 0:02:25]} Bxd8 {[%emt 0:00:04]} 23. Bc8 {[%emt 0:00:16]} a5 {[%emt 0:01:15]} 24. Bg4 {[%emt 0:10:29]} b5 {[%emt 0:01:36]} 25. f4 {[%emt 0:02:11]} b4 {[%emt 0:02:00]} 26. Bd2 {[%emt 0:01:00]} Bd5 {[%emt 0:02:31]} 27. a3 {[%emt 0:00:39]} f6 {[%emt 0:00:30]} 28. Be1 {[%emt 0:00:30]} fxe5 {[%emt 0:01:07]} 29. fxe5 {[%emt 0:02:12]} Bc7 {[%emt 0:00:19]} 30. Bg3 {[%emt 0:00:05]} c4 {[%emt 0:00:46]} 31. axb4 {[%emt 0:00:05]} axb4 {[%emt 0:00:03]} 32. Be1 {[%emt 0:00:07]} c3 {[%emt 0:00:23]} 33. bxc3 {[%emt 0:00:06]} b3 {[%emt 0:00:06]} 34. Bd1 {[%emt 0:00:07]} Bc4 {[%emt 0:00:34]} 0-1

[Event "Czech Open GM 2020"]
[Site "Pardubice"]
[Date "2020.09.27"]
[Round "8.4"]
[White "Jurcik, Marian"]
[Black "Stocek, Jiri"]
[Result "0-1"]
[WhiteElo "2426"]
[BlackElo "2595"]
[Annotator "ChessBase"]
[PlyCount "106"]
[EventDate "2020.09.21"]
[EventCountry "CZE"]
[SourceTitle "playchess.com"]
[Source "ChessBase"]
[SourceQuality "1"]
[TimeControl "40/5400+30:1800+30"]

1. e4 {[%emt 0:00:00]} c5 {[%emt 0:00:41]} 2. Nc3 {[%emt 0:00:00]} e6 {[%emt 0:04:37]} 3. Nge2 {[%emt 0:00:38]} Nf6 {[%emt 0:09:29]} 4. g3 {[%emt 0:09:47]} Nc6 {[%emt 0:03:43]} 5. Bg2 {[%emt 0:00:08]} Be7 {[%emt 0:00:47]} 6. d4 {[%emt 0:04:37]} cxd4 {[%emt 0:00:16]} 7. Nxd4 {[%emt 0:00:02]} O-O {[%emt 0:00:34]} 8. O-O {[%emt 0:01:36]} d6 {[%emt 0:01:19]} 9. b3 {[%emt 0:09:09]} Bd7 {[%emt 0:01:09]} 10. Bb2 {[%emt 0:00:07]} Rc8 {[%emt 0:03:10]} 11. a4 {[%emt 0:15:46]} a6 {[%emt 0:06:58]} 12. Re1 {[%emt 0:11:05]} Nxd4 {[%emt 0:10:25]} 13. Qxd4 {[%emt 0:00:02]} Qa5 {[%emt 0:00:33]} 14. Re2 {[%emt 0:03:09]} Rfd8 {[%emt 0:05:13]} 15. Qd2 {[%emt 0:04:10]} Kf8 {[%emt 0:04:11]} 16. Qd3 {[%emt 0:06:35]} Bc6 {[%emt 0:06:13]} 17. Rd1 {[%emt 0:09:18]} h5 {[%emt 0:03:08]} 18. Red2 {[%emt 0:03:34]} b5 {[%emt 0:11:46]} 19. axb5 {[%emt 0:00:03]} axb5 {[%emt 0:00:05]} 20. Qe2 {[%emt 0:11:46]} b4 {[%emt 0:02:29]} 21. Na4 {[%emt 0:00:01]} h4 {[%emt 0:04:55]} 22. Bd4 {[%emt 0:01:06]} Nd7 {[%emt 0:02:16]} 23. Nb2 {[%emt 0:00:56]} Qg5 {[%emt 0:03:20]} 24. Nd3 {[%emt 0:03:11]} Qb5 {[%emt 0:01:41]} 25. Qg4 {[%emt 0:00:59]} g6 {[%emt 0:02:09]} 26. gxh4 {[%emt 0:00:31]} e5 {[%emt 0:02:41]} 27. Be3 {[%emt 0:00:57]} Nf6 {[%emt 0:00:13]} 28. Qe2 {[%emt 0:00:40]} Qb7 {[%emt 0:01:52]} 29. Re1 {[%emt 0:00:01]} Kg7 {[%emt 0:01:20]} 30. Bg5 {[%emt 0:00:19]} Rh8 {[%emt 0:01:25]} 31. Bf3 {[%emt 0:01:04]} Bb5 {[%emt 0:01:33]} 32. Qe3 {[%emt 0:01:46]} Bxd3 {[%emt 0:00:35]} 33. Qxd3 {[%emt 0:00:44]} Rc3 {[%emt 0:00:40]} 34. Qe2 {[%emt 0:00:02]} Ne8 {[%emt 0:02:52]} 35. Rd3 {[%emt 0:01:14]} Rxd3 {[%emt 0:00:41]} 36. Qxd3 {[%emt 0:00:11]} Bxg5 {[%emt 0:00:13]} 37. hxg5 {[%emt 0:00:01]} Qe7 {[%emt 0:00:19]} 38. Qd2 {[%emt 0:02:16]} Rh4 {[%emt 0:00:45]} 39. Bg2 {[%emt 0:00:53]} Nc7 {[%emt 0:02:04]} 40. Qxb4 {[%emt 0:00:58]} Qxg5 {[%emt 0:00:51]} 41. Re3 {[%emt 0:30:29]} Ne6 {[%emt 0:30:44]} 42. Qe1 {[%emt 0:00:00]} Nf4 {[%emt 0:00:00]} 43. Qf1 {[%emt 0:00:00]} Rh8 {[%emt 0:00:00]} 44. Kh1 {[%emt 0:00:00]} Ra8 {[%emt 0:00:00]} 45. Rg3 {[%emt 0:00:00]} Qe7 {[%emt 0:00:00]} 46. h3 {[%emt 0:00:00]} Ra2 {[%emt 0:00:00]} 47. Qc4 {[%emt 0:00:00]} Qa7 {[%emt 0:00:00]} 48. Rf3 {[%emt 0:00:00]} Qa3 {[%emt 0:00:00]} 49. Bf1 {[%emt 0:00:00]} Qc1 {[%emt 0:00:00]} 50. c3 {[%emt 0:01:58]} Qd1 {[%emt 0:00:00]} 51. Rxf4 {[%emt 0:01:39]} exf4 {[%emt 0:00:00]} 52. Kg2 {[%emt 0:00:17]} Rd2 {[%emt 0:00:00]} 53. b4 {[%emt 0:01:23]} Qe1 {[%emt 0:00:00]} 0-1

[Event "Czech Open GM 2020"]
[Site "Pardubice"]
[Date "2020.09.27"]
[Round "8.5"]
[White "Nemec, Jachym"]
[Black "Plat, Vojtech"]
[Result "1/2-1/2"]
[WhiteElo "2150"]
[BlackElo "2566"]
[Annotator "ChessBase"]
[PlyCount "68"]
[EventDate "2020.09.21"]
[EventCountry "CZE"]
[SourceTitle "playchess.com"]
[Source "ChessBase"]
[SourceQuality "1"]
[TimeControl "40/5400+30:1800+30"]

1. d4 {[%emt 0:00:00]} Nf6 {[%emt 0:00:00]} 2. Nf3 {[%emt 0:00:00]} g6 {[%emt 0:00:00]} 3. c4 {[%emt 0:00:00]} Bg7 {[%emt 0:00:04]} 4. Nc3 {[%emt 0:00:00]} O-O {[%emt 0:01:41]} 5. e4 {[%emt 0:00:01]} d6 {[%emt 0:00:04]} 6. Be2 {[%emt 0:00:06]} Nc6 {[%emt 0:00:19]} 7. d5 {[%emt 0:03:42]} Nb8 {[%emt 0:00:03]} 8. Be3 {[%emt 0:03:42]} e6 {[%emt 0:00:31]} 9. Nd2 {[%emt 0:07:12]} exd5 {[%emt 0:00:18]} 10. cxd5 {[%emt 0:00:14]} Re8 {[%emt 0:02:07]} 11. O-O {[%emt 0:00:33]} c6 {[%emt 0:07:10]} 12. Qb3 {[%emt 0:07:23]} Nbd7 {[%emt 0:04:39]} 13. Nc4 {[%emt 0:07:31]} Bf8 {[%emt 0:05:44]} 14. dxc6 {[%emt 0:04:58]} bxc6 {[%emt 0:00:03]} 15. Rfd1 {[%emt 0:00:11]} Re6 {[%emt 0:02:37]} 16. Rac1 {[%emt 0:02:41]} Qc7 {[%emt 0:18:11]} 17. Qa4 {[%emt 0:11:20]} c5 {[%emt 0:12:27]} 18. Bf3 {[%emt 0:10:11]} Rb8 {[%emt 0:12:38]} 19. Nd5 {[%emt 0:09:54]} Nxd5 {[%emt 0:00:12]} 20. exd5 {[%emt 0:00:05]} Rxe3 {[%emt 0:00:07]} 21. Nxe3 {[%emt 0:00:53]} Ne5 {[%emt 0:00:29]} 22. Be2 {[%emt 0:02:20]} Rxb2 {[%emt 0:00:52]} 23. Bf1 {[%emt 0:00:29]} Qe7 {[%emt 0:01:34]} 24. Rb1 {[%emt 0:01:03]} Rb6 {[%emt 0:02:28]} 25. Rxb6 {[%emt 0:01:22]} axb6 {[%emt 0:00:01]} 26. Rb1 {[%emt 0:00:09]} Bd7 {[%emt 0:02:41]} 27. Qa8 {[%emt 0:04:44]} f5 {[%emt 0:02:13]} 28. Rxb6 {[%emt 0:04:04]} f4 {[%emt 0:01:53]} 29. Nc4 {[%emt 0:00:06]} Nxc4 {[%emt 0:00:39]} 30. Bxc4 {[%emt 0:00:05]} f3 {[%emt 0:00:04]} 31. Bf1 {[%emt 0:08:11]} fxg2 {[%emt 0:00:02]} 32. Bxg2 {[%emt 0:00:05]} c4 {[%emt 0:01:17]} 33. Qa5 {[%emt 0:04:08]} Qe5 {[%emt 0:04:43]} 34. Rb8 {[%emt 0:01:30]} Qa1+ {[%emt 0:13:12]} 1/2-1/2

[Event "Czech Open GM 2020"]
[Site "Pardubice"]
[Date "2020.09.27"]
[Round "8.6"]
[White "Mendonca, Leon Luke"]
[Black "Kueppers, Timo"]
[Result "1-0"]
[WhiteElo "2490"]
[BlackElo "2277"]
[Annotator "ChessBase"]
[PlyCount "64"]
[EventDate "2020.09.21"]
[EventCountry "CZE"]
[SourceTitle "playchess.com"]
[Source "ChessBase"]
[SourceQuality "1"]
[TimeControl "40/5400+30:1800+30"]

1. Nf3 {[%emt 0:00:00]} c5 {[%emt 0:00:32]} 2. b3 {[%emt 0:00:20]} Nc6 {[%emt 0:04:33]} 3. Bb2 {[%emt 0:00:45]} Nf6 {[%emt 0:01:51]} 4. c4 {[%emt 0:02:40]} d5 {[%emt 0:00:56]} 5. cxd5 {[%emt 0:01:05]} Nxd5 {[%emt 0:01:14]} 6. Nc3 {[%emt 0:01:25]} e5 {[%emt 0:06:26]} 7. e3 {[%emt 0:01:49]} Nc7 {[%emt 0:07:51]} 8. Nb5 {[%emt 0:12:30]} a6 {[%emt 0:11:37]} 9. Nxc7+ {[%emt 0:02:16]} Qxc7 {[%emt 0:00:10]} 10. Qc2 {[%emt 0:07:15]} Be7 {[%emt 0:03:09]} 11. a3 {[%emt 0:16:36]} Be6 {[%emt 0:08:08]} 12. h4 {[%emt 0:19:03]} h6 {[%emt 0:14:21]} 13. Bc4 {[%emt 0:03:48]} Bxc4 {[%emt 0:01:54]} 14. bxc4 {[%emt 0:01:23]} O-O {[%emt 0:08:05]} 15. Qe4 {[%emt 0:03:43]} Rfe8 {[%emt 0:02:14]} 16. g4 {[%emt 0:04:00]} g6 {[%emt 0:09:05]} 17. g5 {[%emt 0:10:29]} h5 {[%emt 0:01:24]} 18. O-O {[%emt 0:00:50]} Bf8 {[%emt 0:01:08]} 19. Rab1 {[%emt 0:01:18]} Rab8 {[%emt 0:06:49]} 20. Rfc1 {[%emt 0:01:22]} b5 {[%emt 0:01:34]} 21. cxb5 {[%emt 0:01:16]} axb5 {[%emt 0:00:05]} 22. Rc2 {[%emt 0:00:48]} Qd6 {[%emt 0:02:45]} 23. Rbc1 {[%emt 0:02:48]} c4 {[%emt 0:00:16]} 24. d3 {[%emt 0:01:13]} Na5 {[%emt 0:03:43]} 25. Bxe5 {[%emt 0:01:20]} Qxd3 {[%emt 0:00:28]} 26. Qf4 {[%emt 0:02:16]} Rb6 {[%emt 0:00:48]} 27. Rd2 {[%emt 0:00:37]} Qf5 {[%emt 0:00:21]} 28. Qxf5 {[%emt 0:00:30]} gxf5 {[%emt 0:00:05]} 29. Bc7 {[%emt 0:00:33]} Ra6 {[%emt 0:00:43]} 30. Rd5 {[%emt 0:00:22]} Rc8 {[%emt 0:01:18]} 31. Bxa5 {[%emt 0:00:33]} Rxa5 {[%emt 0:00:04]} 32. a4 {[%emt 0:00:33]} Ba3 {[%emt 0:00:00]} 1-0